| 000 | 00861nam a2200277 i 4500 | ||
|---|---|---|---|
| 001 | bg | ||
| 100 | 1 | _aZiółkowska, Wiesława. | |
| 245 | 1 | 0 |
_aFinanse publiczne : _bteoria i zastosowanie / _cWiesława Ziółkowska. |
| 250 | _aWyd. 3 zm. i uzup. | ||
| 260 |
_aPoznań : _bWydawnictwo Wyższej Szkoły Bankowej, _c2005. |
||
| 300 |
_a314, [1] s. : _bil. ; _c24 cm. |
||
| 504 | _aBibliogr., wykaz aktów prawnych. | ||
| 650 | 9 | _aFinanse publiczne | |
| 650 | 9 |
_aFinanse publiczne _zPolska _yod 1989 r. |
|
| 655 | _aPodręczniki akademickie | ||
| 015 | _aPB 2506/2003 | ||
| 020 | _a8372052123 | ||
| 040 | _cBPK | ||
| 041 | 0 | _apol | |
| 080 | _a336.1(438) | ||
| 080 | _a(075.8) | ||
| 920 | _a83-7205-212-3 | ||
| 942 | _cKS | ||
| 008 | 050511s2005 pl f |000 0 pol | ||
| 999 |
_c46002 _d46002 |
||
| 856 |
_uhttp://koha.tu.koszalin.pl/cgi-bin/koha/opac-detail.pl?biblionumber=46002 _yKatalog online BPK |
||